Corporate Governance in MENA Building a Framework for Competitiveness and Growth

Guardado en:
Detalles Bibliográficos
Formato: Libro
Lenguaje:inglés
Publicado: Paris OECD 2019
Colección:Corporate Governance
Materias:
Etiquetas: Agregar Etiqueta
Sin Etiquetas, Sea el primero en etiquetar este registro!

MARC

LEADER 00000nam a2200000 4500
001 0262642
005 20221220064316.1
020 |a 978-92-64-78979-1 
041 0 |a eng 
044 |a FR 
245 1 0 |a Corporate Governance in MENA  |b Building a Framework for Competitiveness and Growth 
264 1 |a Paris  |b OECD  |c 2019 
300 |a 181 s. 
490 1 |a Corporate Governance 
830 0 |a Corporate Governance 
610 2 0 |a správa spoločnosti 
610 2 0 |a riadenie 
610 2 0 |a konkurencieschopnosť 
610 2 0 |a rast hospodársky 
610 2 0 |a trh finančný 
610 2 0 |a trh kapitálový 
610 2 0 |a rovnosť rodová 
610 2 0 |a vlastníctvo štátne 
610 2 0 |a porovnanie štatistické medzinárodné 
610 2 0 |a Afrika